How to talk so people listen : the real key to job success
| Main Author: | |
|---|---|
| Format: | Book |
| Published: |
Northamptonshire :
Thorsons Publishers Limited ,
1989
|
| Subjects: |
MARC
| LEADER | 00000cam a2200000 7i4500 | ||
|---|---|---|---|
| 001 | 0000008426 | ||
| 002 | 000009184 | ||
| 005 | 20100610.0 | ||
| 020 | |a 0722519915 | ||
| 090 | 0 | 0 | |a 658.45 |b HAM |
| 100 | 1 | |a Hamlin, Sonya | |
| 245 | 0 | 0 | |a How to talk so people listen : |b the real key to job success |c Sonya Hamlin |
| 260 | |a Northamptonshire : |b Thorsons Publishers Limited , |c 1989 | ||
| 300 | |a 287 p. ; |c 22 cm. | ||
| 650 | 0 | 0 | |a Business communication |
| 650 | 0 | 0 | |a Communication in organizations |
| 999 | |a 022097 |b BUKU |c PINJAMAN |e PERPUSTAKAAN KOMUNITI PETALING JAYA | ||